Fr.1 Lecon 8 Review Quiz Stats

Quiz not verified by Sporcle

Challenge
Share
Tweet
Embed
Score 0/30 Timer 06:00
0 Plays Today
% Correct
???
77.3%
???
77.3%
???
77.3%
???
72.7%
???
72.7%
???
72.7%
???
72.7%
???
72.7%
???
68.2%
???
68.2%
???
68.2%
???
68.2%
???
68.2%
???
68.2%
???
68.2%
% Correct
???
68.2%
???
63.6%
???
63.6%
???
63.6%
???
63.6%
???
63.6%
???
63.6%
???
59.1%
???
59.1%
???
59.1%
???
54.5%
???
54.5%
???
54.5%
???
50%
???
50%

You're not logged in!

Compare scores with friends on all Sporcle quizzes.
Join for Free
OR
Log In

You Might Also Like...

Show Comments

Extras

Created Mar 28, 2017ReportNominate
Tags:Clickable Quiz, review

Top Quizzes Today


Score Distribution

Your Account Isn't Verified!

In order to create a playlist on Sporcle, you need to verify the email address you used during registration. Go to your Sporcle Settings to finish the process.

Report this User

Report this user for behavior that violates our Community Guidelines.

Details: